ՀՀ Գիտությունների ազգային ակադեմիայի հիմնարար գիտական գրադարան  =   Fundamental Scientific Library of NAS RA

Յիշելով Մեսրոպ Բ․ Պատրիարք հայրը ։ (Record no. 525790)

MARC details
000 -LEADER
fixed length control field 01369nam a2200241 a 4500
003 - CONTROL NUMBER IDENTIFIER
control field AM-YEHGA
005 - DATE AND TIME OF LATEST TRANSACTION
control field 20250618080100.0
008 - FIXED-LENGTH DATA ELEMENTS--GENERAL INFORMATION
fixed length control field 220623s2021 tu a|||gr|||||000|0|arm||
020 ## - INTERNATIONAL STANDARD BOOK NUMBER
International Standard Book Number 9786254449437
040 ## - CATALOGING SOURCE
Original cataloging agency AM-YeHGA
041 0# - LANGUAGE CODE
Language code of text/sound track or separate title arm
-- tur
-- eng
001 - CONTROL NUMBER
control field 1847925
090 ## - LOCALLY ASSIGNED LC-TYPE CALL NUMBER (OCLC); LOCAL CALL NUMBER (RLIN)
-- 563138
245 00 - TITLE STATEMENT
Title Յիշելով Մեսրոպ Բ․ Պատրիարք հայրը ։
Remainder of title (Իր վախճանման տարելիցին առթիւ) /
Statement of responsibility, etc. Առաջաբանի հեղինակ, կազմող և ձևավորող՝ Յովակիմ Աբղ․ Սերովբեան ; Ձևավորումը՝ Սարվէն Տանէ ; Նկարներու մշակում՝ Ա․ Քարաֆիլ․
260 ## - PUBLICATION, DISTRIBUTION, ETC.
Place of publication, distribution, etc. Ստանպուլ ։
Name of publisher, distributor, etc. Պոլսոյ Պատրիարքութեան հրատ․,
Date of publication, distribution, etc. 2021․
300 ## - PHYSICAL DESCRIPTION
Extent 384 էջ ։
Other physical details նկարներ ;
Dimensions 20 x 20 սմ․
546 ## - LANGUAGE NOTE
Language note Բնագիրը՝ հայերեն, անգլերեն և թուրքերեն։
600 14 - SUBJECT ADDED ENTRY--PERSONAL NAME
Personal name Մեսրոպ Բ․ արքեպիսկոպոս Մութաֆյան
Dates associated with a name 1956-2019
Titles and other words associated with a name Պոլսո Հայոց Պատրիարք (1998-2012)
Geographic subdivision Ստամբուլ, (Թուրքիա)
650 14 - SUBJECT ADDED ENTRY--TOPICAL TERM
Topical term or geographic name entry element Հայ եկեղեցու գործիչներ
9 (RLIN) 4735
700 1# - ADDED ENTRY--PERSONAL NAME
Personal name Սերովբեան, Յովակիմ
Relator term կազմող
Relationship com
Relator term առաջաբանի հեղինակ
Relationship aui
Relator term ձևավորող
Relationship dsn
700 1# - ADDED ENTRY--PERSONAL NAME
Personal name Տանէ, Սարվէն
Relator term ձևավորող
Relationship dsn
942 ## - ADDED ENTRY ELEMENTS (KOHA)
Source of classification or shelving scheme Universal Decimal Classification
Koha item type Գրքեր / Books
Holdings
Withdrawn status Lost status Source of classification or shelving scheme Damaged status Not for loan Collection Home library Current library Date acquired Total checkouts Full call number Barcode Date last seen Price effective from Koha item type Public note
    Universal Decimal Classification     General Fundamental Scientific Library Fundamental Scientific Library 28/07/2022   AII/108718 FL0676887 28/07/2022 28/07/2022 Գրքեր / Books 30 Days Loan


ՀՀ ԳԱԱ հիմնարար գիտական գրադարան
ՀՀ,Երևան 0019
Մարշալ Բաղրամյան 24/6
հեռախոս:(374-10) 52-47-50
Հետադարձ կապ

All site content, except where otherwise noted, is licensed under a
Creative Commons License